00550nam a2200145 a 450000100100000000500170001000800410002704000250006808200150009310000240010824501040013226000390023630000270027550001020030200003176020200930063147.0110701s1955 ve a 000 0 spa d aDO-SdBNPbspacBNPHU axxxbB792m1 aBoyrie Moya, Emilio10aMuestras arqueológicas de Juan Dolio, República Dominicana /cEmilio Boyre Moya, J. M. Cruxent. aCaracas :bEditorial Ragon,c1955. a33 p. :bil. ;c24 cm. aSeparata del Boletín del Museo de Ciencias Naturales tomo I, no. 2- Caracas, abril- junio, 1955